Normal view
MARC view
- محمود، ضاري خليل ، م.مشارك سعيد حسب الله عبد الله
Entry Personal Name
001 - CONTROL NUMBER
- control field: 53183
003 - CONTROL NUMBER IDENTIFIER
- control field: JO-AjAnu
005 - DATE AND TIME OF LATEST TRANSACTION
- control field: 20230606082734.0
008 - FIXED-LENGTH DATA ELEMENTS
- fixed length control field: 230606|| aca||aabn | a|a d
040 ## - CATALOGING SOURCE
- Original cataloging agency: JO-AjAnu
- Transcribing agency: JO-AjAnu
100 ## - HEADING--PERSONAL NAME
- Personal name: محمود، ضاري خليل ، م.مشارك سعيد حسب الله عبد الله
670 ## - SOURCE DATA FOUND
- Source citation: Work cat.: (JO-AjAnu)27172: محمود، ضاري خليل ، م.مشارك سعيد حسب الله عبد الله, author, أدب القضاء في الفقه الإسلامي والقانون والقضاء الجنائي البحريني المقارن